| 000 | 00510nam a2200193Ia 4500 | ||
|---|---|---|---|
| 001 | 15366 | ||
| 003 | GE_BSU | ||
| 008 | 181216s||||||||xx |||||||||||||| ||und|| | ||
| 040 | _cGE_BSU | ||
| 080 | _a821.353.1-32 | ||
| 100 | _aყაზბეგი, ალექსანდრე | ||
| 245 | _aმოძღვარი | ||
| 260 | _aთბილისი | ||
| 260 | _bსაბლიტგამი | ||
| 260 | _c1939 | ||
| 300 | _a174გვ.22სმ. | ||
| 653 | _aმოძღვარი | ||
| 942 | _cBK | ||
| 999 |
_c48472 _d48472 |
||